Brick cladding to steel framed buildings (Record no. 92849)

MARC details
000 -LEADER
fixed length control field 00746cam a2200253 4500
001 - CONTROL NUMBER
control field B2638
008 - FIXED-LENGTH DATA ELEMENTS--GENERAL INFORMATION
fixed length control field 090401t1986 xxu||||| |||| 00| 0 eng d
035 ## - SYSTEM CONTROL NUMBER
System control number (Sirsi) u51259
041 ## - LANGUAGE CODE
Language code of text/sound track or separate title eng
050 ## - LIBRARY OF CONGRESS CALL NUMBER
Classification number 693.892
110 ## - MAIN ENTRY--CORPORATE NAME
Corporate name or jurisdiction name as entry element Brick Development Association
9 (RLIN) 3278
245 ## - TITLE STATEMENT
Title Brick cladding to steel framed buildings
260 ## - PUBLICATION, DISTRIBUTION, ETC.
Place of publication, distribution, etc. Windsor,Berks
Name of publisher, distributor, etc. Brick Development Association
Date of publication, distribution, etc. 1986
300 ## - PHYSICAL DESCRIPTION
Extent 2v. ; 30cm.
350 ## - PRICE (NR) (BK AM CF MU VM SE) [OBSOLETE]
Price 20
520 ## - SUMMARY, ETC.
Summary, etc. Text and drawings prepared by R.E. Bradshaw, G.Buckton S.W. Southwick of Bradshaw Buckton and Tonge .
650 ## - SUBJECT ADDED ENTRY--TOPICAL TERM
Topical term or geographic name entry element BRADSHAW R E
650 ## - SUBJECT ADDED ENTRY--TOPICAL TERM
Topical term or geographic name entry element BRICKWORK
650 ## - SUBJECT ADDED ENTRY--TOPICAL TERM
Topical term or geographic name entry element BUCKTON G
650 ## - SUBJECT ADDED ENTRY--TOPICAL TERM
Topical term or geographic name entry element SOUTHWICK S W
710 ## - ADDED ENTRY--CORPORATE NAME
Corporate name or jurisdiction name as entry element British Steel Corporation
9 (RLIN) 1616
942 ## - ADDED ENTRY ELEMENTS (KOHA)
Suppress in OPAC 0
948 ## - LOCAL PROCESSING INFORMATION (OCLC); SERIES PART DESIGNATOR (RLIN)
c (OCLC) 04/03/1997
Holdings
Withdrawn status Lost status Source of classification or shelving scheme Damaged status Not for loan Home library Current library Shelving location Date acquired Cost, normal purchase price Total Checkouts Full call number Barcode Date last seen Date last checked out Copy number Cost, replacement price Price effective from Koha item type
    Dewey Decimal Classification     London London Folio 14/09/1999 20.00 5 F693.892 30024172 06/08/2019 18/04/2007 3 20.00 06/08/2019 Book
    Dewey Decimal Classification     London London Folio 14/09/1999 20.00 2 F693.892 30024173 06/08/2019 04/03/2004 4 20.00 06/08/2019 Book